000 00416nam a2200181Ia 4500
008 151213s9999 xx 000 0 und d
020 _a81-317-1500-0
082 _a330
_b330
100 _aJohn Slomon
245 _aEconomics
_cJohn Slomon
250 _a6th
260 _aNew Delhi
_bPearson
_c1991
300 _a11201 p.
650 _aEconomics
650 _aEconomics
700 _aJohn Slomon
999 _c4989
_d4989